000 00667nam a2200229 4500
003 OSt
005 20240618005539.0
006 a
008 240618b |||||||| |||| 00| 0 eng d
020 _a9780230308169
040 _aDWCL-Main lib.
_cOC
082 _aCirc. 658.4 A222b 2011
100 _aAddleson, Mark
245 _aBeyond management : taking charge at work /
260 _aNew York :
_bPalgrave Macmillan,
_cc2011.
300 _axii,
_b276 p. : ill. ;
_c24 cm.
504 _aIncludes references & index.
650 _a1. Management.
650 _a2. Management–Employee participation.
700 _aMark Addleson
942 _2ddc
_n0
_cBK-CIRC
_kCirc.
999 _c772
_d772